Pathu Naveena Kavikal (Record no. 40923)

MARC details
000 -LEADER
fixed length control field 00405nam a2200145Ia 4500
008 - FIXED-LENGTH DATA ELEMENTS--GENERAL INFORMATION
fixed length control field 211109s9999||||xx |||||||||||||| ||und||
082 ## - DEWEY DECIMAL CLASSIFICATION NUMBER
Classification number 894.8121
Item number SAC-P
100 ## - MAIN ENTRY--PERSONAL NAME
Personal name P A, Sachidanamdan
245 #0 - TITLE STATEMENT
Title Pathu Naveena Kavikal
260 ## - PUBLICATION, DISTRIBUTION, ETC.
Name of publisher, distributor, etc. Nayana Books
Place of publication, distribution, etc. Payyanur
Date of publication, distribution, etc. 1989
300 ## - PHYSICAL DESCRIPTION
Extent 142p
630 ## - SUBJECT ADDED ENTRY--UNIFORM TITLE
General subdivision GENERAL STACK
650 ## - SUBJECT ADDED ENTRY--TOPICAL TERM
Topical term or geographic name entry element MALAYALAM
942 ## - ADDED ENTRY ELEMENTS (KOHA)
Koha item type BOOK
650 ## - SUBJECT ADDED ENTRY--TOPICAL TERM
Form subdivision MALAYALAM LITERATURE
General subdivision MALAYALAM POETRYMalayalam
Holdings
Withdrawn status Lost status Damaged status Not for loan Home library Current library Date acquired Cost, normal purchase price Total Checkouts Full call number Barcode Shelving location Date last seen Price effective from Koha item type
        SB LIBRARY SB LIBRARY 09/11/2021 100.00   894.8121 SAC-P 00082546 GENERAL STACK 09/11/2021 09/11/2021 BOOK

Powered by Koha